Most Meat Consuming Countries - Statistics

General Stats
  • This quiz has been taken 36 times
  • The average score is 3 of 9
Answer Stats
Answer % Correct
Argentina
74%
Australia
71%
Spain
56%
New Zealand
53%
United States
47%
Austria
12%
Luxembourg
6%
Bahamas
3%
Kuwait
3%
No matching quizzes found
Score Distribution
Percent of People with Each Score
Percentile by Number Answered
Your Score History
You have not taken this quiz